Osobná hmotná zodpovednosť vedúcich v podmienkach vnútropodnikového chozrasčotu záverečná práca postgraduálneho štúdia

Salvato in:
Dettagli Bibliografici
Autore principale: Cekul, Milan
Ente Autore: Vysoká škola ekonomická v Bratislave
Altri autori: Straková, Ľubica
Natura: Libro
Lingua:slovacco
Pubblicazione: Bratislava 1989
Tags: Aggiungi Tag
Nessun Tag, puoi essere il primo ad aggiungerne!!

MARC

LEADER 00000nam a2200000 4500
001 c030081
005 20221215071056.5
041 0 |a slo 
044 |a SK 
245 1 0 |a Osobná hmotná zodpovednosť vedúcich v podmienkach vnútropodnikového chozrasčotu  |b záverečná práca postgraduálneho štúdia  |c Milan Cekul ; ved. práce Ľubica Straková 
264 1 |a Bratislava  |c 1989 
300 |a 42 s. 
100 1 |a Cekul, Milan 
700 1 |a Straková, Ľubica 
710 2 |a Vysoká škola ekonomická v Bratislave